Medzinárodné účtovné štandardy: Aplikácia IFRS. Daň z príjmu podľa medzinárodného účtovného štandardu IAS 12
Medzi položkami, ktoré sa podľa medzinárodného štandardu IAS 1 povinne vykazujú v rámci účtovnej závierky sú aj položky súvisiace s daňou z príjmu. Bližšie vymedzenie obsahu týchto položiek upravuje samostatný štandard IAS 12.
Salvato in:
| Autore principale: | |
|---|---|
| Natura: | Capitolo di libro |
| Lingua: | slovacco |
| Soggetti: | |
| Tags: |
Nessun Tag, puoi essere il primo ad aggiungerne!!
|
MARC
| LEADER | 00000nla$a2200000$$$4500 | ||
|---|---|---|---|
| 001 | 0048044 | ||
| 005 | 20240502071542.5 | ||
| 041 | 0 | |a slo | |
| 044 | |a SK | ||
| 245 | 1 | 0 | |a Medzinárodné účtovné štandardy: Aplikácia IFRS. Daň z príjmu podľa medzinárodného účtovného štandardu IAS 12 |c Miloš Tumpach |
| 520 | |a Medzi položkami, ktoré sa podľa medzinárodného štandardu IAS 1 povinne vykazujú v rámci účtovnej závierky sú aj položky súvisiace s daňou z príjmu. Bližšie vymedzenie obsahu týchto položiek upravuje samostatný štandard IAS 12. | ||
| 610 | 2 | 0 | |a účtovníctvo medzinárodné |
| 610 | 2 | 0 | |a štandardy účtovné medzinárodné |
| 610 | 2 | 0 | |a dane z príjmov |
| 610 | 2 | 0 | |a závierka účtovná |
| 610 | 2 | 0 | |a IAS 12 |
| 100 | 1 | |a Tumpach, Miloš, 1970- | |